[Event "6MCRV_F"]
[Site "?"]
[Date "2006.??.??"]
[Round "?"]
[White "Priesol, Daniel"]
[Black "Bucek, Jiri"]
[Result "1/2-1/2"]
[WhiteElo "2288"]
[BlackElo "2354"]
[PlyCount "39"]
[EventDate "2006.??.??"]
[EventType "corr"]
[SourceDate "2006.09.12"]

1. e4 c5 2. Nf3 d6 3. d4 cxd4 4. Nxd4 Nf6 5. Nc3 a6 6. Bc4 e6 7. Bb3 b5 8. O-O
Be7 9. Qf3 Qc7 10. Qg3 O-O 11. Bh6 Ne8 12. Rad1 Bd7 13. Nf3 Nc6 14. Bf4 Qb7 15.
a3 Na5 16. Ba2 Nc4 17. Nd2 Rc8 18. Nxc4 bxc4 19. Bc1 f5 20. e5 1/2-1/2

[Event "6MCRV_F"]
[Site "?"]
[Date "2006.??.??"]
[Round "?"]
[White "Pecka, Josef"]
[Black "Bucek, Jiri"]
[Result "1/2-1/2"]
[WhiteElo "2261"]
[BlackElo "2354"]
[PlyCount "36"]
[EventDate "2006.??.??"]
[EventType "corr"]
[SourceDate "2006.09.12"]

1. e4 e5 2. f4 exf4 3. Bc4 Nf6 4. Nc3 c6 5. Bb3 d5 6. exd5 cxd5 7. d4 Bd6 8.
Nge2 O-O 9. Bxf4 Bxf4 10. Nxf4 Re8+ 11. Nfe2 Ng4 12. O-O Ne3 13. Qd3 Nxf1 14.
Rxf1 Be6 15. Nf4 Nc6 16. Ncxd5 Bxd5 17. Nxd5 Na5 18. Qg3 Rf8 1/2-1/2

[Event "6MCRV_F"]
[Site "?"]
[Date "2006.??.??"]
[Round "?"]
[White "Bucek, Jiri"]
[Black "Novak, Vratislav"]
[Result "1/2-1/2"]
[WhiteElo "2354"]
[BlackElo "2267"]
[PlyCount "37"]
[EventDate "2006.??.??"]
[EventType "corr"]
[SourceDate "2006.09.12"]

1. e4 c5 2. Nf3 d6 3. d4 cxd4 4. Nxd4 Nf6 5. Nc3 Nc6 6. Bg5 e6 7. Qd2 a6 8.
O-O-O h6 9. Nxc6 bxc6 10. Bf4 d5 11. Qe3 Bb4 12. a3 Ba5 13. Be2 O-O 14. e5 Nd7
15. Qg3 Kh8 16. Qh3 Kg8 17. Qg3 Kh8 18. Qh3 Kg8 19. Qg3 1/2-1/2

[Event "6MCRV_F"]
[Site "?"]
[Date "2006.??.??"]
[Round "?"]
[White "Bucek, Jiri"]
[Black "Brousek, Jiri"]
[Result "1-0"]
[WhiteElo "2354"]
[BlackElo "2315"]
[PlyCount "103"]
[EventDate "2006.??.??"]
[EventType "corr"]
[SourceDate "2006.09.12"]

1. e4 e6 2. d4 d5 3. Nc3 Nf6 4. e5 Nfd7 5. f4 c5 6. Nf3 Nc6 7. Be3 cxd4 8. Nxd4
Bc5 9. Qd2 O-O 10. O-O-O a6 11. Qf2 Bxd4 12. Bxd4 b5 13. Be3 b4 14. Na4 Qa5 15.
b3 Bb7 16. Bd3 Rac8 17. Kb1 d4 18. Bxd4 Nxd4 19. Qxd4 Rfd8 20. Qf2 Bc6 21. Nb2
Bd5 22. Rd2 Qc7 23. Rhd1 a5 24. Na4 Bc6 25. Nc5 Nxc5 26. Qxc5 Rd5 27. Qe3 Ba8
28. Bc4 Rxd2 29. Rxd2 g6 30. g4 Rd8 31. Rxd8+ Qxd8 32. f5 Qd1+ 33. Kb2 Qxg4 34.
fxe6 fxe6 35. Qb6 Bd5 36. Bxd5 exd5 37. a4 bxa3+ 38. Kxa3 Qf5 39. Qd8+ Kg7 40.
Qc7+ Qf7 41. Qxf7+ Kxf7 42. Ka4 g5 43. Kxa5 g4 44. b4 h5 45. b5 h4 46. b6 g3
47. hxg3 hxg3 48. b7 g2 49. b8=Q g1=Q 50. Qc7+ Kg6 51. Qd6+ Kf5 52. Qxd5 1-0

[Event "6MCRV_F"]
[Site "?"]
[Date "2006.??.??"]
[Round "?"]
[White "Valak, Alois"]
[Black "Bucek, Jiri"]
[Result "1/2-1/2"]
[WhiteElo "2354"]
[BlackElo "2354"]
[PlyCount "48"]
[EventDate "2006.??.??"]
[EventType "corr"]
[SourceDate "2006.09.12"]

1. e4 e5 2. Nf3 Nc6 3. d4 exd4 4. Nxd4 Nf6 5. Nxc6 bxc6 6. Bd3 d5 7. exd5 cxd5
8. O-O Be7 9. c4 O-O 10. cxd5 Nxd5 11. Nc3 Nxc3 12. bxc3 Bb7 13. Qc2 Qd5 14. f3
g6 15. Bh6 Rfe8 16. Be4 Qc5+ 17. Kh1 Bc6 18. Rae1 Bf6 19. c4 Rad8 20. Bxc6 Qxc6
21. Qc1 Bd4 22. Rxe8+ Rxe8 23. Re1 Qd7 24. g4 Rd8 1/2-1/2

[Event "6MCRV_F"]
[Site "?"]
[Date "2006.??.??"]
[Round "?"]
[White "Kuchta, Jiri"]
[Black "Bucek, Jiri"]
[Result "1/2-1/2"]
[WhiteElo "2240"]
[BlackElo "2354"]
[PlyCount "59"]
[EventDate "2006.??.??"]
[EventType "corr"]
[SourceDate "2006.09.12"]

1. Nf3 Nf6 2. d4 e6 3. Bg5 h6 4. Bh4 c5 5. dxc5 Bxc5 6. Nbd2 d5 7. e3 O-O 8. c4
Nc6 9. cxd5 exd5 10. Bd3 d4 11. e4 Bd6 12. O-O Bf4 13. Bb5 Bg4 14. Bxc6 bxc6
15. h3 Bxf3 16. Nxf3 g5 17. e5 Nd5 18. Nxd4 Qd7 19. Bg3 Bxg3 20. fxg3 Ne3 21.
Qa4 Nxf1 22. Rxf1 Rae8 23. Nf3 Re6 24. Rd1 Qc7 25. b3 a5 26. Qc4 Rd8 27. Rc1
Qb6+ 28. Kh2 Rd5 29. Qe4 Kg7 30. Rc4 1/2-1/2

[Event "6MCRV_F"]
[Site "?"]
[Date "2006.??.??"]
[Round "?"]
[White "Kuchta, Jiri"]
[Black "Pecka, Josef"]
[Result "0-1"]
[WhiteElo "2240"]
[BlackElo "2261"]
[PlyCount "86"]
[EventDate "2006.??.??"]
[EventType "corr"]
[SourceDate "2006.09.12"]

1. Nf3 d5 2. d4 Nf6 3. c4 c6 4. e3 Bf5 5. cxd5 cxd5 6. Qb3 Qc7 7. Nc3 e6 8. Bd2
Nc6 9. Rc1 a6 10. Nh4 Bg4 11. h3 Bh5 12. Bd3 Be7 13. g4 Bg6 14. Nxg6 hxg6 15.
g5 Nh7 16. f4 Nxg5 17. fxg5 Qg3+ 18. Kf1 Qf3+ 19. Kg1 Rh5 20. h4 Bxg5 21. Qd1
Qg3+ 22. Kf1 Nxd4 23. Be1 Qxe3 24. Rb1 Bxh4 25. Bxh4 Qf4+ 26. Kg2 Rxh4 27. Rxh4
Qxh4 28. Qa4+ Kf8 29. Qb4+ Kg8 30. Qd6 f5 31. Rf1 Qg5+ 32. Qg3 Qxg3+ 33. Kxg3
Kf7 34. Rd1 Nc6 35. Na4 Rb8 36. Be2 g5 37. Nc5 Ke7 38. Bf3 Kd6 39. Nxe6 Kxe6
40. Bxd5+ Ke5 41. Bxc6 bxc6 42. Re1+ Kd6 43. Re8 Rxe8 0-1

[Event "6MCRV_F"]
[Site "?"]
[Date "2006.??.??"]
[Round "?"]
[White "Novak, Vratislav"]
[Black "Pecka, Josef"]
[Result "1/2-1/2"]
[WhiteElo "2267"]
[BlackElo "2261"]
[PlyCount "52"]
[EventDate "2006.??.??"]
[EventType "corr"]
[SourceDate "2006.09.12"]

1. e4 e5 2. Nf3 Nc6 3. Bb5 a6 4. Ba4 Nf6 5. O-O Be7 6. Re1 b5 7. Bb3 O-O 8. c3
d5 9. exd5 Nxd5 10. Nxe5 Nxe5 11. Rxe5 c6 12. d4 Bd6 13. Re1 Qh4 14. g3 Qh3 15.
Be3 Bg4 16. Qd3 Rae8 17. Nd2 Re6 18. a4 Qh5 19. axb5 axb5 20. Ne4 Bf5 21. Bd2
Rxe4 22. Rxe4 Nf6 23. f3 Qg6 24. Qf1 Nxe4 25. fxe4 Bxe4 26. Bf4 Bd3 1/2-1/2

[Event "6MCRV_F"]
[Site "?"]
[Date "2006.??.??"]
[Round "?"]
[White "Priesol, Daniel"]
[Black "Kuta, Jiri"]
[Result "1/2-1/2"]
[WhiteElo "2288"]
[BlackElo "2308"]
[PlyCount "27"]
[EventDate "2006.??.??"]
[EventType "corr"]
[SourceDate "2006.09.12"]

1. e4 e5 2. Nf3 Nc6 3. Nc3 Nf6 4. Bb5 Bc5 5. O-O Nd4 6. Nxe5 O-O 7. Be2 d5 8.
d3 Re8 9. Nf3 dxe4 10. dxe4 Nxe4 11. Nxd4 Qxd4 12. Qxd4 Bxd4 13. Nxe4 Rxe4 14.
Bf3 1/2-1/2

[Event "6MCRV_F"]
[Site "?"]
[Date "2006.??.??"]
[Round "?"]
[White "Schwarz, Jan"]
[Black "Brousek, Jiri"]
[Result "1/2-1/2"]
[WhiteElo "2286"]
[BlackElo "2315"]
[PlyCount "44"]
[EventDate "2006.??.??"]
[EventType "corr"]
[SourceDate "2006.09.12"]

1. e4 e6 2. d4 d5 3. Nd2 Nf6 4. e5 Nfd7 5. Bd3 c5 6. c3 Nc6 7. Ne2 Qb6 8. Nf3
cxd4 9. cxd4 f6 10. exf6 Nxf6 11. O-O Bd6 12. b3 O-O 13. Bf4 Nxd4 14. Nfxd4 e5
15. Be3 exd4 16. Bxd4 Bc5 17. Bxc5 Qxc5 18. Rc1 Qb6 19. Qc2 Bg4 20. Qc5 Qxc5
21. Rxc5 Bxe2 22. Bxe2 Rac8 1/2-1/2

[Event "6MCRV_F"]
[Site "?"]
[Date "2006.??.??"]
[Round "?"]
[White "Pecka, Josef"]
[Black "Kuta, Jiri"]
[Result "1/2-1/2"]
[WhiteElo "2261"]
[BlackElo "2308"]
[PlyCount "39"]
[EventDate "2006.??.??"]
[EventType "corr"]
[SourceDate "2006.09.12"]

1. e4 e5 2. f4 exf4 3. Bc4 Nf6 4. Nc3 c6 5. Bb3 d5 6. exd5 cxd5 7. d4 Bd6 8.
Nge2 Qe7 9. Qd3 Nc6 10. O-O g5 11. Nxf4 gxf4 12. Bxf4 Bxf4 13. Rxf4 Nh5 14. Rf2
Be6 15. Bxd5 Qh4 16. g3 Rg8 17. Qb5 O-O-O 18. Bxc6 bxc6 19. Qxc6+ Kb8 20. Qb5+
1/2-1/2

[Event "6MCRV_F"]
[Site "?"]
[Date "2006.??.??"]
[Round "?"]
[White "Sykora, Josef"]
[Black "Pytlik, Lesek"]
[Result "1/2-1/2"]
[WhiteElo "2374"]
[BlackElo "2403"]
[PlyCount "33"]
[EventDate "2006.??.??"]
[EventType "corr"]
[SourceDate "2006.09.12"]

1. e4 e6 2. d4 d5 3. e5 c5 4. c3 Nc6 5. Nf3 Qb6 6. a3 a5 7. Bd3 Bd7 8. O-O cxd4
9. cxd4 Nxd4 10. Nxd4 Qxd4 11. Nc3 Qb6 12. Qg4 f5 13. Qh5+ g6 14. Qe2 Ne7 15.
Rd1 Bg7 16. Be3 Qd8 17. f4 1/2-1/2

[Event "6MCRV_F"]
[Site "?"]
[Date "2006.??.??"]
[Round "?"]
[White "Novak, Vratislav"]
[Black "Brousek, Jiri"]
[Result "1/2-1/2"]
[WhiteElo "2267"]
[BlackElo "2315"]
[PlyCount "56"]
[EventDate "2006.??.??"]
[EventType "corr"]
[SourceDate "2006.09.12"]

1. e4 e6 2. d4 d5 3. Nc3 Nf6 4. e5 Nfd7 5. f4 c5 6. Nf3 Nc6 7. Be3 cxd4 8. Nxd4
Bc5 9. Qd2 O-O 10. O-O-O a6 11. h4 Nxd4 12. Bxd4 b5 13. h5 b4 14. Ne2 a5 15. h6
g6 16. Kb1 Qb6 17. g4 a4 18. c3 bxc3 19. Nxc3 Ba6 20. Bxa6 Rxa6 21. Ne2 Ra5 22.
Rc1 Rb5 23. Rc2 Rb4 24. Rd1 Rd8 25. a3 Rb5 26. Rdc1 Rc8 27. f5 Rb8 28. Ka1 Rf8
1/2-1/2

[Event "6MCRV_F"]
[Site "?"]
[Date "2006.??.??"]
[Round "?"]
[White "Priesol, Daniel"]
[Black "Pytlik, Lesek"]
[Result "1/2-1/2"]
[WhiteElo "2288"]
[BlackElo "2403"]
[PlyCount "27"]
[EventDate "2006.??.??"]
[EventType "corr"]
[SourceDate "2006.09.12"]

1. e4 e6 2. d4 d5 3. Nc3 Bb4 4. exd5 exd5 5. Bd3 Nc6 6. a3 Bxc3+ 7. bxc3 Nf6 8.
Ne2 O-O 9. O-O Na5 10. Re1 Re8 11. Ng3 Rxe1+ 12. Qxe1 Be6 13. Qe5 Nc4 14. Bxc4
1/2-1/2

[Event "6MCRV_F"]
[Site "?"]
[Date "2006.??.??"]
[Round "?"]
[White "Kuchta, Jiri"]
[Black "Priesol, Daniel"]
[Result "1/2-1/2"]
[WhiteElo "2240"]
[BlackElo "2288"]
[PlyCount "43"]
[EventDate "2006.??.??"]
[EventType "corr"]
[SourceDate "2006.09.12"]

1. Nf3 Nf6 2. d4 e6 3. c4 d5 4. Nc3 c6 5. e3 Nbd7 6. Bd3 dxc4 7. Bxc4 b5 8. Bd3
Bb7 9. O-O a6 10. e4 c5 11. d5 c4 12. Bc2 Qc7 13. dxe6 fxe6 14. Ng5 Nc5 15. Qe2
Bd6 16. f4 h6 17. Nf3 Nd3 18. Bxd3 cxd3 19. Qxd3 Rd8 20. Qe2 Bxf4 21. Bxf4 Qxf4
22. a4 1/2-1/2

[Event "6MCRV_F"]
[Site "?"]
[Date "2006.??.??"]
[Round "?"]
[White "Bucek, Jiri"]
[Black "Sykora, Josef"]
[Result "1/2-1/2"]
[WhiteElo "2354"]
[BlackElo "2374"]
[PlyCount "50"]
[EventDate "2006.??.??"]
[EventType "corr"]
[SourceDate "2006.09.12"]

1. e4 c6 2. d4 d5 3. e5 Bf5 4. Nf3 e6 5. Be2 Ne7 6. O-O c5 7. c4 Nbc6 8. Na3
dxc4 9. Nxc4 Nd5 10. Bg5 Qd7 11. Rc1 h6 12. Be3 b5 13. Na3 Nxe3 14. fxe3 a6 15.
dxc5 Be7 16. Nxb5 axb5 17. Bxb5 Qxd1 18. Rfxd1 Rc8 19. Nd4 Be4 20. Nxc6 Bxc6
21. Bxc6+ Rxc6 22. b4 O-O 23. a4 Ra8 24. a5 Kf8 25. Kf2 Rcc8 1/2-1/2

[Event "6MCRV_F"]
[Site "?"]
[Date "2006.??.??"]
[Round "?"]
[White "Bucek, Jiri"]
[Black "Pytlik, Lesek"]
[Result "1/2-1/2"]
[WhiteElo "2354"]
[BlackElo "2403"]
[PlyCount "46"]
[EventDate "2006.??.??"]
[EventType "corr"]
[SourceDate "2006.09.12"]

1. e4 c6 2. d4 d5 3. e5 Bf5 4. Nf3 e6 5. Be2 Nd7 6. O-O Ne7 7. Be3 Bg6 8. Nh4
Nf5 9. Nxf5 Bxf5 10. Nd2 Qb6 11. Nb3 Be7 12. g4 Bg6 13. f4 f5 14. c4 a5 15. a4
O-O 16. Bd3 Qd8 17. Bd2 Rf7 18. Rc1 dxc4 19. Bxc4 Nf8 20. g5 b5 21. axb5 cxb5
22. Bxb5 a4 23. Ba5 Rxa5 1/2-1/2

[Event "6MCRV_F"]
[Site "?"]
[Date "2006.??.??"]
[Round "?"]
[White "Sykora, Josef"]
[Black "Brousek, Jiri"]
[Result "1/2-1/2"]
[WhiteElo "2374"]
[BlackElo "2315"]
[PlyCount "40"]
[EventDate "2006.??.??"]
[EventType "corr"]
[SourceDate "2006.09.12"]

1. d4 e6 2. c4 Nf6 3. Nf3 d5 4. Nc3 Be7 5. Bf4 O-O 6. e3 Nbd7 7. a3 c5 8. cxd5
Nxd5 9. Nxd5 exd5 10. dxc5 Nxc5 11. Be5 Be6 12. Be2 a5 13. O-O Rc8 14. Rc1 Re8
15. b4 axb4 16. axb4 Ne4 17. Qd4 f6 18. Bf4 Qd7 19. h3 Rxc1 20. Rxc1 Rc8
1/2-1/2

[Event "6MCRV_F"]
[Site "?"]
[Date "2006.??.??"]
[Round "?"]
[White "Priesol, Daniel"]
[Black "Sykora, Josef"]
[Result "1/2-1/2"]
[WhiteElo "2288"]
[BlackElo "2374"]
[PlyCount "35"]
[EventDate "2006.??.??"]
[EventType "corr"]
[SourceDate "2006.09.12"]

1. e4 c6 2. d4 d5 3. Nc3 dxe4 4. Nxe4 Nd7 5. Bc4 Ngf6 6. Ng5 e6 7. Qe2 Nb6 8.
Bb3 h6 9. N5f3 a5 10. c3 a4 11. Bc2 Nbd5 12. Bd2 Qb6 13. Rb1 c5 14. dxc5 Bxc5
15. Ne5 O-O 16. Ngf3 Qc7 17. O-O b6 18. Rbc1 1/2-1/2

[Event "6MCRV_F"]
[Site "?"]
[Date "2006.??.??"]
[Round "?"]
[White "Brousek, Jiri"]
[Black "Pecka, Josef"]
[Result "1/2-1/2"]
[WhiteElo "2313"]
[BlackElo "2261"]
[PlyCount "78"]
[EventDate "2006.??.??"]
[EventType "corr"]
[SourceDate "2006.09.12"]

1. d4 Nf6 2. Nf3 d5 3. e3 e6 4. Bd3 c5 5. b3 Nc6 6. O-O Be7 7. Bb2 O-O 8. dxc5
Nd7 9. c4 Nxc5 10. Nc3 Nb4 11. Be2 dxc4 12. Bxc4 Nbd3 13. Ba3 Qa5 14. Nb5 Bd7
15. Qd2 Qxd2 16. Nxd2 Ne5 17. Be2 Rfd8 18. Rfd1 Ng6 19. Nd4 e5 20. Nb5 Bc6 21.
Nc3 Na4 22. Nxa4 Bxa3 23. Nc4 Bb4 24. a3 Be7 25. Nc3 b6 26. a4 e4 27. Nb5 Rxd1+
28. Rxd1 Bc5 29. Bg4 a6 30. Nc3 b5 31. Na5 Be8 32. Nb7 Bb4 33. Nd5 Bf8 34. Nc7
Ra7 35. Nxe8 Rxb7 36. Nd6 Bxd6 37. Rxd6 bxa4 38. bxa4 f5 39. Be2 Rb1+ 1/2-1/2

[Event "6MCRV_F"]
[Site "?"]
[Date "2006.??.??"]
[Round "?"]
[White "Brousek, Jiri"]
[Black "Valak, Alois"]
[Result "1/2-1/2"]
[WhiteElo "2313"]
[BlackElo "2354"]
[PlyCount "59"]
[EventDate "2006.??.??"]
[EventType "corr"]
[SourceDate "2006.09.12"]

1. d4 Nf6 2. Nf3 e6 3. e3 c5 4. Bd3 d5 5. b3 Be7 6. O-O O-O 7. Bb2 cxd4 8. exd4
Nc6 9. a3 b6 10. Nbd2 Qc7 11. Ne5 Nxe5 12. dxe5 Nd7 13. c4 Nc5 14. Bc2 dxc4 15.
Nxc4 Ba6 16. Qg4 f5 17. exf6 Bxf6 18. Bxf6 Rxf6 19. Rfd1 Raf8 20. Rd2 Bxc4 21.
Qxc4 Rf4 22. Qb5 Ne4 23. Bxe4 Rxe4 24. Rad1 Qf4 25. Re2 Rf5 26. Qa6 Rd5 27.
Rde1 Rxe2 28. Qxe2 Qd6 29. h3 Rd3 30. Qh5 1/2-1/2

[Event "6MCRV_F"]
[Site "?"]
[Date "2006.??.??"]
[Round "?"]
[White "Pecka, Josef"]
[Black "Sykora, Josef"]
[Result "1/2-1/2"]
[WhiteElo "2261"]
[BlackElo "2374"]
[PlyCount "52"]
[EventDate "2006.??.??"]
[EventType "corr"]
[SourceDate "2006.09.12"]

1. e4 c6 2. d4 d5 3. e5 Bf5 4. Ne2 e6 5. Ng3 Bg6 6. h4 h5 7. Bd3 Bxd3 8. cxd3
g6 9. Nd2 Bh6 10. Qb3 Qb6 11. Qc3 Na6 12. Nf3 O-O-O 13. O-O Kb8 14. a3 c5 15.
dxc5 Qxc5 16. Qb3 Rc8 17. Ne2 Qc2 18. Qxc2 Rxc2 19. Ned4 Rxc1 20. Raxc1 Bxc1
21. Rxc1 Nc7 22. b4 Nh6 23. Kf1 Rc8 24. Ke2 Ne8 25. Rxc8+ Kxc8 26. Ng5 Kd7
1/2-1/2

[Event "6MCRV_F"]
[Site "?"]
[Date "2006.??.??"]
[Round "?"]
[White "Pecka, Josef"]
[Black "Hladecek, Miloslav"]
[Result "1/2-1/2"]
[WhiteElo "2261"]
[BlackElo "2306"]
[PlyCount "35"]
[EventDate "2006.??.??"]
[EventType "corr"]
[SourceDate "2006.09.12"]

1. e4 e5 2. Nf3 Nc6 3. Bc4 Nf6 4. Ng5 Bc5 5. Nxf7 Bxf2+ 6. Kf1 Qe7 7. Nxh8 d5
8. exd5 Nd4 9. d6 Qxd6 10. c3 Bg4 11. Qa4+ Nd7 12. Kxf2 Qf6+ 13. Ke1 O-O-O 14.
Nf7 Nb6 15. Nxd8 Nxa4 16. cxd4 Kxd8 17. Nc3 exd4 18. Nxa4 1/2-1/2

[Event "6MCRV_F"]
[Site "?"]
[Date "2006.??.??"]
[Round "?"]
[White "Priesol, Daniel"]
[Black "Novak, Vratislav"]
[Result "1/2-1/2"]
[WhiteElo "2288"]
[BlackElo "2267"]
[PlyCount "43"]
[EventDate "2006.??.??"]
[EventType "corr"]
[SourceDate "2006.09.12"]

1. e4 c5 2. Nf3 d6 3. d4 cxd4 4. Nxd4 Nf6 5. Nc3 Nc6 6. Bg5 e6 7. Qd2 h6 8.
Bxf6 gxf6 9. O-O-O a6 10. f4 h5 11. Kb1 Bd7 12. Be2 Qc7 13. Nb3 O-O-O 14. h4
Kb8 15. Bf3 Na5 16. Qe2 Nxb3 17. cxb3 d5 18. exd5 Qxf4 19. Qe4 Qc7 20. Rd3 f5
21. Qe2 e5 22. Bxh5 1/2-1/2

[Event "6MCRV_F"]
[Site "?"]
[Date "2006.??.??"]
[Round "?"]
[White "Valak, Alois"]
[Black "Kuchta, Jiri"]
[Result "1-0"]
[WhiteElo "2354"]
[BlackElo "2240"]
[PlyCount "77"]
[EventDate "2006.??.??"]
[EventType "corr"]
[SourceDate "2006.09.12"]

1. e4 e6 2. d4 d5 3. Nc3 Nf6 4. Bg5 dxe4 5. Nxe4 Nbd7 6. Nxf6+ Nxf6 7. Nf3 h6
8. Bh4 Qd5 9. Bd3 g5 10. Bg3 g4 11. Be5 Be7 12. c4 Qc6 13. Nh4 Rg8 14. O-O Nd7
15. Bg3 Qb6 16. d5 Nc5 17. Bh7 Rh8 18. Bc2 Qxb2 19. Re1 Rg8 20. d6 cxd6 21.
Bxd6 Bxd6 22. Qxd6 Qb6 23. Qf4 Qb2 24. Nf5 Qxc2 25. Rac1 Qb2 26. Nd6+ Kd8 27.
Nxf7+ Ke8 28. Nd6+ Kd8 29. Nb5 Ke7 30. Qd6+ Kf7 31. Qxc5 Rf8 32. Rb1 Qxa2 33.
Qh5+ Kg7 34. Qxg4+ Kh7 35. Qe4+ Kg7 36. Re2 Qa5 37. Re3 Qd8 38. Rg3+ Kh8 39.
Rg6 1-0

[Event "6MCRV_F"]
[Site "?"]
[Date "2006.??.??"]
[Round "?"]
[White "Hladecek, Miloslav"]
[Black "Kuchta, Jiri"]
[Result "1-0"]
[WhiteElo "2306"]
[BlackElo "2240"]
[PlyCount "39"]
[EventDate "2006.??.??"]
[EventType "corr"]
[SourceDate "2006.09.12"]

1. e4 e6 2. d4 d5 3. Nc3 Nf6 4. e5 Nfd7 5. f4 c5 6. Nf3 Nc6 7. Be3 a6 8. Be2
Qb6 9. Na4 Qa5+ 10. c3 cxd4 11. Nxd4 Nb6 12. Nxb6 Qxb6 13. Nxe6 d4 14. Nxd4
Qxb2 15. Kf2 Qxc3 16. Rc1 Qa3 17. Nxc6 bxc6 18. Qc2 Bd7 19. Rhd1 Qe7 20. Rb1
1-0

[Event "6MCRV_F"]
[Site "?"]
[Date "2006.??.??"]
[Round "?"]
[White "Kuta, Jiri"]
[Black "Novak, Vratislav"]
[Result "1/2-1/2"]
[WhiteElo "2308"]
[BlackElo "2267"]
[PlyCount "69"]
[EventDate "2006.??.??"]
[EventType "corr"]
[SourceDate "2006.09.12"]

1. e4 c5 2. Nf3 d6 3. d4 cxd4 4. Nxd4 Nf6 5. Nc3 a6 6. Be3 e6 7. f3 b5 8. g4 h6
9. Qd2 Nbd7 10. O-O-O Bb7 11. h4 b4 12. Na4 Qa5 13. b3 Nc5 14. a3 Nxa4 15. axb4
Qc7 16. bxa4 d5 17. e5 Nd7 18. f4 Nb6 19. f5 Nxa4 20. fxe6 Nc3 21. exf7+ Kxf7
22. Bd3 Bxb4 23. Rdf1+ Kg8 24. Qf2 Ba3+ 25. Kd2 Ne4+ 26. Bxe4 dxe4 27. g5 Bd5
28. gxh6 Qa5+ 29. Kd1 Bb2 30. Qf4 Rxh6 31. Nf5 Rc6 32. Ne7+ Kh8 33. Qg5 Qa1+
34. Kd2 Qa5+ 35. Kd1 1/2-1/2

[Event "6MCRV_F"]
[Site "?"]
[Date "2006.??.??"]
[Round "?"]
[White "Novak, Vratislav"]
[Black "Valak, Alois"]
[Result "1/2-1/2"]
[WhiteElo "2267"]
[BlackElo "2354"]
[PlyCount "109"]
[EventDate "2006.??.??"]
[EventType "corr"]
[SourceDate "2006.09.12"]

1. e4 e5 2. Nf3 Nc6 3. Bb5 a6 4. Ba4 Nf6 5. O-O Be7 6. Re1 b5 7. Bb3 d6 8. c3
O-O 9. h3 Na5 10. Bc2 c5 11. d4 exd4 12. cxd4 Bb7 13. d5 Nd7 14. Nbd2 Bf6 15.
Rb1 Re8 16. b3 Bc3 17. Bb2 Bxb2 18. Rxb2 Bc8 19. Bd3 f6 20. Nf1 Ne5 21. Ne3 Qe7
22. Bc2 Nxf3+ 23. Qxf3 Qe5 24. Rbb1 Ra7 25. Ng4 Bxg4 26. Qxg4 Rae7 27. Re3 c4
28. b4 Nb7 29. Ra3 Ra8 30. Qd1 Nd8 31. Qd2 Re8 32. f4 Qe7 33. Kh2 Nf7 34. Re1
Qc7 35. Ree3 Re7 36. Rg3 Kh8 37. Qf2 Qa7 38. Qe3 Qxe3 39. Rgxe3 Kg8 40. Kg1
Rea7 41. Ra5 Nd8 42. e5 dxe5 43. fxe5 fxe5 44. Rxe5 Nb7 45. Ra3 a5 46. Bb1 g6
47. bxa5 Rxa5 48. Rxa5 Rxa5 49. Kf2 Kf8 50. Ke3 Ra4 51. Kd4 Rb4 52. Re1 Rb2 53.
g4 Rh2 54. Kc3 Rf2 55. Re3 1/2-1/2

[Event "6MCRV_F"]
[Site "?"]
[Date "2006.??.??"]
[Round "?"]
[White "Kuta, Jiri"]
[Black "Sykora, Josef"]
[Result "1/2-1/2"]
[WhiteElo "2308"]
[BlackElo "2374"]
[PlyCount "56"]
[EventDate "2006.??.??"]
[EventType "corr"]
[SourceDate "2006.09.12"]

1. e4 c6 2. d4 d5 3. Nd2 dxe4 4. Nxe4 Nd7 5. Ng5 Ngf6 6. Bd3 e6 7. N1f3 Bd6 8.
Qe2 h6 9. Ne4 Nxe4 10. Qxe4 Qc7 11. O-O b6 12. Qg4 Kf8 13. b3 Bb7 14. Bb2 Nf6
15. Qh4 Nd5 16. Rfe1 Nf4 17. Ne5 g5 18. Qg4 Rd8 19. Qf3 Rg8 20. Rad1 c5 21. Be4
Bxe4 22. Rxe4 f5 23. Ree1 Bxe5 24. dxe5 Kf7 25. Kf1 Kg6 26. Rd6 Rxd6 27. exd6
Qxd6 28. Be5 Qd5 1/2-1/2

[Event "6MCRV_F"]
[Site "?"]
[Date "2006.??.??"]
[Round "?"]
[White "Kuchta, Jiri"]
[Black "Kuta, Jiri"]
[Result "0-1"]
[WhiteElo "2240"]
[BlackElo "2308"]
[PlyCount "70"]
[EventDate "2006.??.??"]
[EventType "corr"]
[SourceDate "2006.09.12"]

1. Nf3 d5 2. d4 Nf6 3. e3 e6 4. c4 c5 5. Nc3 dxc4 6. Bxc4 a6 7. O-O b5 8. Bd3
Bb7 9. dxc5 Bxc5 10. a3 Qc7 11. e4 Nc6 12. Bg5 Rd8 13. b4 Ne5 14. Nxb5 axb5 15.
Nxe5 Qxe5 16. Bxf6 Bxf2+ 17. Rxf2 gxf6 18. Rd2 Ke7 19. Raa2 Qd4+ 20. Kh1 Bxe4
21. Bf1 Qe5 22. Kg1 Bd5 23. Rac2 Bc4 24. Bxc4 bxc4 25. h3 c3 26. Rxd8 Rxd8 27.
Qf3 Qd4+ 28. Kh2 Rc8 29. Qb7+ Qd7 30. Qf3 Qd5 31. Kg3 Kd6 32. b5 Qxb5 33. Qd1+
Ke7 34. Kh2 Qe5+ 35. Kh1 Rb8 0-1

[Event "6MCRV_F"]
[Site "?"]
[Date "2006.??.??"]
[Round "?"]
[White "Schwarz, Jan"]
[Black "Kuchta, Jiri"]
[Result "1/2-1/2"]
[WhiteElo "2286"]
[BlackElo "2240"]
[PlyCount "95"]
[EventDate "2006.??.??"]
[EventType "corr"]
[SourceDate "2006.09.12"]

1. c4 Nf6 2. Nf3 e6 3. Nc3 Bb4 4. Qc2 O-O 5. a3 Bxc3 6. Qxc3 b6 7. b4 d6 8. Bb2
Bb7 9. e3 a5 10. b5 Nbd7 11. Be2 c6 12. bxc6 Bxc6 13. O-O Rc8 14. Qd4 Nc5 15.
Qh4 e5 16. d4 Na4 17. Rab1 e4 18. Nd2 d5 19. Ba1 Qd6 20. g4 h6 21. g5 hxg5 22.
Qxg5 Qxa3 23. Kh1 Nh7 24. Qg3 Qa2 25. Rg1 g6 26. Bg4 Qxd2 27. Bf5 Be8 28. Bxc8
dxc4 29. Ba6 Qe2 30. Rbe1 Qa2 31. Qc7 b5 32. Qe5 f6 33. Qxe4 Ng5 34. Rxg5 fxg5
35. Bxb5 Bf7 36. Kg1 Nb6 37. Rf1 Nd5 38. Qe5 c3 39. e4 c2 40. exd5 Qb1 41. d6
c1=Q 42. d5 Qxa1 43. Qxa1 Qc5 44. Be2 Qxd5 45. Qf6 Qe6 46. Qxe6 Bxe6 47. Ra1
Ra8 48. Bb5 1/2-1/2

[Event "6MCRV_F"]
[Site "?"]
[Date "2006.??.??"]
[Round "?"]
[White "Brousek, Jiri"]
[Black "Priesol, Daniel"]
[Result "1/2-1/2"]
[WhiteElo "2313"]
[BlackElo "2288"]
[PlyCount "62"]
[EventDate "2006.??.??"]
[EventType "corr"]
[SourceDate "2006.09.12"]

1. d4 Nf6 2. Nf3 e6 3. e3 b6 4. Bd3 Bb7 5. c4 d5 6. O-O Bd6 7. Nc3 O-O 8. cxd5
exd5 9. Bd2 c5 10. Nb5 Be7 11. Ne5 a6 12. Nc3 Re8 13. Qf3 Bd6 14. Qf5 Bc8 15.
Qg5 h6 16. Qg3 Bxe5 17. dxe5 Nh5 18. Qf3 Rxe5 19. Rfe1 Nc6 20. e4 Be6 21. exd5
Bxd5 22. Qg4 Be6 23. Qf3 Rc8 24. Rad1 b5 25. Be3 Qb6 26. h3 Rd8 27. Bb1 Nd4 28.
Bxd4 Rxe1+ 29. Rxe1 cxd4 30. Ne4 Rd5 31. Nc3 Rd8 1/2-1/2

[Event "6MCRV_F"]
[Site "?"]
[Date "2006.??.??"]
[Round "?"]
[White "Valak, Alois"]
[Black "Priesol, Daniel"]
[Result "1/2-1/2"]
[WhiteElo "2354"]
[BlackElo "2288"]
[PlyCount "42"]
[EventDate "2006.??.??"]
[EventType "corr"]
[SourceDate "2006.09.12"]

1. e4 e5 2. Nf3 Nf6 3. Nxe5 d6 4. Nf3 Nxe4 5. Nc3 Nxc3 6. dxc3 Be7 7. Bf4 O-O
8. Qd2 Nd7 9. O-O-O Nc5 10. Bc4 Be6 11. Bxe6 fxe6 12. Be3 Ne4 13. Qd3 d5 14. h4
h6 15. Nd4 Qd7 16. f3 Nc5 17. Qg6 Rf6 18. Qh5 Bd6 19. g4 Qf7 20. Qxf7+ Rxf7 21.
Rhe1 Bg3 1/2-1/2